1155 1860 1136 1466 1415 1551 1560 1690 1181 1113 1638 1276 1744 1478 1462 1347 1538 1425 1917 1622 1341 1725 1025 1467 1584 1345 1587 1282 1107 1326 1271 1185 1880 1485 1502 1127 1280 1744 1266 1512 1790 1072 1479 1707 1114 1154 1706 1196 1951 1381 1788 1294 1360 1373 1247 1477 1743 1414 1905 1808 1154 1405 1302 1446 1282 1705 1335 1137 1037 1321 1396 1323 1348 1360 1859 1271 1130 1874 1277 1686 1146 1629 1390 1177 1277 1713 1297 1811 1773 1897 1338 1645 1845 1902 1838 1681 1979 1466 1075 BCNSPRNW ULIB Ver.6.0+V

เปลี่ยนเป็นภาษาไทย

Change to English
 แสดงรายละเอียดบรรณานุกรม
  กลับหน้าหลัก

Brief Record : Get Marc (ISO 2709) : E-mail record : QR code < ปิดหน้าต่าง
LEADER : 00000nam 2200000uu 4500
001    13399108918
003     ULIB
008    110316s2544||||th 000 0 tha d
020    9742960461
060 04 W225.JT3^bข282น 2544
245 00 ข้อเสนอระบบหลักประกันสุขภาพถ้วนหน้า /^cจัดทำโดยคณะทำงานพัฒนานโยบายหลักประกันสุขภาพถ้วนหน้า
250    พิมพ์ครั้งที่ 1
260    นนทบุรี :^bสถาบันวิจัยระบบสาธารณสุข,^c2544
300    ix, 126 หน้า ;^c26 ซม.
650  2 Insurance, Health^zThailand
650  2 Medically Uninsured^zThailand
650  7 บริการทางการแพทย์
650  7 ประกันสุขภาพ^zไทย
710 2  คณะทำงานพัฒนานโยบายหลักประกันสุขภาพถ้วนหน้า
710 2  สถาบันวิจัยระบบสาธารณสุข
945    ^p95^l0^i015662
995    ทศพร
999 ^a ใช้งานได้ทุกระบบ
รายการนี้ยังไม่มีแท็ก
คุณยังไม่ได้ล็อกอิน คุณสามารถมีกิจกรรมร่วมกับเว็บไซต์ได้ แต่ต้องล็อกอินก่อน ::
  ล็อกอิน

รายการสื่อสารสนเทศ

ลำดับที่ ประเภท เลขเรียก/บาร์โค้ด สถานที่ สถานะ
- ไม่พบข้อมูล -

รายการใกล้เคียง
    หัวเรื่อง [บริการทางการแพทย์]

BibComment


ยังไม่เคยถูกคอมเมนท์

คอมเมนท์ทรัพยากรรายการนี้
  คอมเมนท์: ข้อเสนอระบบหลักปร..


 Copyright 2026. Bcnsprnw @Library